Central Library OPAC University of Rajshahi

Education and training of users of scientific and technical information : (Record no. 43542)

MARC details
000 -LEADER
fixed length control field 00954nam a2200277 a 4500
001 - CONTROL NUMBER
control field 43542
003 - CONTROL NUMBER IDENTIFIER
rucl marc code BD-RjUL
005 - DATE AND TIME OF LATEST TRANSACTION
control field 20211209053719.0
008 - FIXED-LENGTH DATA ELEMENTS--GENERAL INFORMATION
fixed length control field 160623s19821977fr a b i000 0 eng
020 ## - INTERNATIONAL STANDARD BOOK NUMBER
International Standard Book Number 9231014528
035 ## - SYSTEM CONTROL NUMBER
System control number (BD-RjUL)43660
040 ## - CATALOGING SOURCE
Original cataloging agency DLC
Transcribing agency DLC
Modifying agency BD-RjUL
Language of cataloging eng
041 ## - LANGUAGE CODE
Language code of text/sound track or separate title eng
082 00 - DEWEY DECIMAL CLASSIFICATION NUMBER
Classification number 029.95
Edition number 23
Author mark and year EVE 1982
100 1# - MAIN ENTRY--PERSONAL NAME
Personal name Evans, A. J.
9 (RLIN) 133764
245 10 - TITLE STATEMENT
Title Education and training of users of scientific and technical information :
Remainder of title UNISIST guide for teachers /
Statement of responsibility, etc. A. J. Evans, R. G. Rhodes, S. Keenan.
260 ## - PUBLICATION, DISTRIBUTION, ETC. (IMPRINT)
Place of publication, distribution, etc. Paris :
Name of publisher, distributor, etc. Unesco,
Date of publication, distribution, etc. 1977, [Impression 1982]
300 ## - PHYSICAL DESCRIPTION
Pagination 143 p. :
Illustrations ill. ;
Size 27 cm.
504 ## - BIBLIOGRAPHY, ETC. NOTE
Bibliography, etc Bibliography: p. 141-143.
650 ## - SUBJECT ADDED ENTRY--TOPICAL TERM
Topical term or geographic name as entry element Study and teaching.
General subdivision UNISIST (Program)
9 (RLIN) 133765
Topical term or geographic name as entry element User education.
General subdivision Information services
9 (RLIN) 133766
700 1# - ADDED ENTRY--PERSONAL NAME
Personal name Rhodes, R. G.,
Relator term joint author.
Personal name Keenan, Stella,
Relator term joint author.
942 ## - ADDED ENTRY ELEMENTS (KOHA)
Source of classification or shelving scheme Dewey Decimal Classification
Koha item type Books
Holdings
Lost status Source of classification or shelving scheme Damaged status Not for loan Collection code Permanent Location Current Location Shelving location Date acquired Source of acquisition Total Checkouts Full call number Date last seen Copy number Koha item type
  Dewey Decimal Classification     Non-fiction Central Library, University of Rajshahi Central Library, University of Rajshahi   19/03/1986 British councile, Raj.   029.95 EVE 1982 23/06/2016 C-2 Books